| 000 | 01085nam a22002655a 4500 | ||
|---|---|---|---|
| 003 | OSt | ||
| 005 | 20170502122855.0 | ||
| 008 | 170404s2016 ua frb 000 0 ara d | ||
| 015 | _a2016 / 25947 | ||
| 020 | _a9789778524628 | ||
| 040 |
_aEG-ScBUE _bara _cEG-ScBUE |
||
| 043 | _af-ua--- | ||
| 082 | 0 | 4 |
_a346.6207 _bغ ن ي _222 |
| 100 | 1 | _aغنيم، أحمد. | |
| 245 | 1 | 2 |
_aالقواعد والأعراف الدولية الموحدة للاعتمادات المستندية رقم 600 : _bدراسة نقدية وتحليلية مقارنة للقواعد الدولية : القواعد الدولية إلى أين ؟؟ / _cأحمد غنيم. |
| 250 | _aط. 1. | ||
| 260 |
_aالقاهرة : _bدار حميثرا للنشر، _c2016. |
||
| 300 |
_a192 ص. ؛ _c24 سم. |
||
| 504 | _aيشتمل على إرجاعات ببليوجرافية. | ||
| 650 | 7 |
_2BUEsh _aالاعتمادات المستندية _xقوانين وتشريعات _zمصر. |
|
| 650 | 7 |
_aالقانون التجاري _zمصر. _941150 |
|
| 651 | _2BUEsh | ||
| 653 |
_bLLAAWW _cMay2017 |
||
| 942 | _2ddc | ||
| 999 |
_c24762 _d24734 |
||